| 000 | 003550000a22001450004500 | ||
|---|---|---|---|
| 003 | MACL | ||
| 040 | _aMACL | ||
| 090 |
_c46433 _d46431 |
||
| 100 | _aGautam, Dr J N | ||
| 245 |
_aAdvanced Cataloguing _bCCC & AACR 2 Theory & Practice |
||
| 260 |
_bVI Publishers _c1995 |
||
| 650 | _alibrary Science | ||
| 942 |
_cBOOK _k027.34/GOT |
||
| 951 | _o027.34/GOT BOOK | ||
| 999 |
_c45947 _d45947 |
||